000 00294nam a22001097a 4500
008 170106b xxu||||| |||| 00| 0 eng d
020 _a0683004360
041 _aeng
080 _22nd
_a618.2
245 _aPRINCIPLES OF AMBULATORY MEDICINE
_cBARKER, L.R & BURTON, J.R & ZIEVE, P.D
942 _2udc
_cBK
999 _c2592
_d2592